[Event "COL-ch U2200"]
[Site "Moniquira"]
[Date "2019.07.21"]
[Round "4"]
[White "Olarte Mateus, Juan Vicente"]
[Black "Mejia Toscano, Daniel Ricardo"]
[Result "1-0"]
[WhiteElo "2024"]
[BlackElo "2028"]
[PlyCount "88"]
[EventDate "2018.07.19"]
[EventType "swiss"]
[EventRounds "7"]
[EventCountry "COL"]
[SourceTitle "EXT 2021"]
[Source "ChessBase"]
[SourceDate "2020.10.23"]
[SourceVersion "1"]
[SourceVersionDate "2020.10.23"]
[SourceQuality "1"]

1. d4 Nf6 2. Nf3 e6 3. Bg5 c5 4. c3 cxd4 5. Nxd4 a6 6. e3 Be7 7. Bd3 b5 8. 0-0 0-0 9. Nd2 Bb7 10. e4 d6 11. Qe2 Nbd7 12. Rae1 Qa5 13. N2b3 Qc7 14. f4 Nc5 15. Nxc5 dxc5 16. Nf3 g6 17. h3 Nh5 18. Bxe7 Qxe7 19. Qe3 Rad8 20. Bb1 Qc7 21. Nh2 Qd6 22. Rf2 f5 23. e5 Qc6 24. Nf1 Rd7 25. Nd2 Rfd8 26. Nb3 Ba8 27. Kh2 Rd5 28. g4 Ng7 29. Bc2 Qc7 30. Rg1 Kh8 31. Nd2 Qb7 32. Nf3 a5 33. gxf5 Nxf5 34. Bxf5 gxf5 35. Ng5 Rd1 36. Rgg2 Qe7 37. Qxc5 Qd7 38. Nf3 Rd3 39. Rg3 Rc8 40. Qb6 a4 41. a3 Rd1 42. Rfg2 Rd8 43. Ng5 Bxg2 44. Qxd8+ Kg7 1-0

[Event "COL-ch"]
[Site "Bogota"]
[Date "2018.11.07"]
[Round "2"]
[White "Mejia Toscano, Daniel Ricardo"]
[Black "Ramirez, Carlos"]
[Result "0-1"]
[WhiteElo "1992"]
[BlackElo "2287"]
[PlyCount "50"]
[EventDate "2018.11.06"]
[EventType "swiss"]
[EventRounds "9"]
[EventCountry "COL"]
[SourceTitle "CBM 187 Extra"]
[Source "ChessBase"]
[SourceDate "2018.11.04"]
[SourceVersion "1"]
[SourceVersionDate "2018.11.04"]
[SourceQuality "1"]

1. d4 Nf6 2. Nf3 g6 3. g3 Bg7 4. Bg2 0-0 5. 0-0 d5 6. c4 c6 7. cxd5 cxd5 8. Nc3 e6 9. Ne5 Nc6 10. Nxc6 bxc6 11. b3 Ba6 12. Na4 Nd7 13. Ba3 Re8 14. Rc1 e5 15. Rxc6 Bb5 16. Bxd5 exd4 17. Rc2 Ne5 18. Rc5 Rb8 19. f4 Ng4 20. Rxb5 Rxb5 21. Bc6 Rh5 22. Bxe8 Qxe8 23. Qd3 Rxh2 24. Qf3 h5 25. Bc5 Rxe2 0-1

[Event "Bogota AlphaZero op"]
[Site "Bogota"]
[Date "2018.08.18"]
[Round "3"]
[White "Mayorga Melo, Michael"]
[Black "Mejia Toscano, Daniel Ricardo"]
[Result "1-0"]
[WhiteElo "1632"]
[BlackElo "1992"]
[PlyCount "99"]
[EventDate "2018.08.17"]
[EventType "swiss"]
[EventRounds "7"]
[EventCountry "COL"]
[SourceTitle "CBM 186 Extra"]
[Source "ChessBase"]
[SourceDate "2018.08.24"]
[SourceVersion "1"]
[SourceVersionDate "2018.08.24"]
[SourceQuality "1"]

1. d4 Nf6 2. Bf4 g6 3. Nc3 c5 4. e3 cxd4 5. exd4 d6 6. Bd3 Qa5 7. Nf3 Nc6 8. 0-0 Bg7 9. h3 0-0 10. Re1 Re8 11. Qd2 Bd7 12. Bh6 Bh8 13. Re2 Qh5 14. Qg5 e5 15. Qxh5 Nxh5 16. Nb5 Nxd4 17. Nfxd4 exd4 18. Nxd6 Rxe2 19. Bxe2 Bg7 20. Bxg7 Nxg7 21. Nxb7 Bf5 22. Rd1 Ne6 23. Rd2 Rc8 24. Bd1 Rb8 25. Nd6 Rxb2 26. g4 Bxc2 27. Rxc2 Rb1 28. Rd2 Nf4 29. Kh2 Ne6 30. Bb3 Ng5 31. Kg2 d3 32. h4 Rg1+ 33. Kxg1 Nf3+ 34. Kg2 Nxd2 35. Bxf7+ Kf8 36. Bd5 Nb1 37. Bb3 Nc3 38. Nc4 Ke7 39. Kf3 Kf6 40. Ke3 Nd5+ 41. Kxd3 Nf4+ 42. Ke4 Ng2 43. Kf3 Nxh4+ 44. Kg3 g5 45. Bc2 h6 46. a4 Ke6 47. f4 a6 48. f5+ Kd5 49. Ne3+ Ke5 50. a5 1-0

[Event "COL-ch U16"]
[Site "Albania"]
[Date "2012.06.29"]
[Round "4.3"]
[White "Arismendi Polanco, Efrain Steven"]
[Black "Mejia Toscano, Daniel Ricardo"]
[Result "0-1"]
[WhiteElo "1693"]
[BlackElo "1991"]
[PlyCount "64"]
[EventDate "2012.06.27"]
[EventType "tourn"]
[EventRounds "9"]
[EventCountry "COL"]
[SourceTitle "EXT 2024"]
[Source "ChessBase"]
[SourceDate "2023.10.10"]
[SourceVersion "1"]
[SourceVersionDate "2023.10.10"]
[SourceQuality "1"]

1. e4 e6 2. d4 d5 3. Nd2 Nf6 4. e5 Nfd7 5. Bd3 c5 6. c3 Nc6 7. Ne2 cxd4 8. cxd4 f6 9. exf6 Nxf6 10. Nf3 Bd6 11. 0-0 Qc7 12. g3 0-0 13. Bf4 Bd7 14. Rc1 Nh5 15. Ng5 g6 16. Bxd6 Qxd6 17. Nc3 Qe7 18. Nf3 Qf6 19. Be2 Ng7 20. Qd2 Nf5 21. Rcd1 Nd6 22. Qg5 Qg7 23. Rfe1 Rf5 24. Qe3 Raf8 25. Nh4 Rxf2 26. Nf3 R2xf3 27. Bxf3 Nf5 28. Qd3 Nfxd4 29. Bg2 Nf5 30. Qd2 Bc8 31. Bh3 Nfd4 32. Ne2 Nf3+ 0-1

[Event "COL-ch U16"]
[Site "Albania"]
[Date "2012.06.29"]
[Round "5.2"]
[White "Mejia Toscano, Daniel Ricardo"]
[Black "Zapata Arbelaes, Estiven"]
[Result "0-1"]
[WhiteElo "1991"]
[BlackElo "1963"]
[PlyCount "90"]
[EventDate "2012.06.27"]
[EventType "tourn"]
[EventRounds "9"]
[EventCountry "COL"]
[SourceTitle "EXT 2024"]
[Source "ChessBase"]
[SourceDate "2023.10.10"]
[SourceVersion "1"]
[SourceVersionDate "2023.10.10"]
[SourceQuality "1"]

1. e4 e5 2. Nf3 Nc6 3. Bb5 Nf6 4. Qe2 d6 5. c3 Bd7 6. Ba4 g6 7. 0-0 Bg7 8. d3 0-0 9. Bc2 Qe7 10. h3 Nh5 11. Be3 f5 12. exf5 Rxf5 13. Nbd2 Raf8 14. Rae1 d5 15. Qd1 Nf4 16. Kh2 g5 17. Ng1 Qf7 18. d4 e4 19. f3 Nd3 20. fxe4 Nxe1 21. exf5 Nxc2 22. Qxc2 Qe7 23. Re1 Bxf5 24. Qd1 Qd6+ 25. Kh1 h6 26. Rf1 Nd8 27. g4 Bg6 28. Rxf8+ Qxf8 29. Qf3 c6 30. Qxf8+ Bxf8 31. Ngf3 Nf7 32. Ne5 Nxe5 33. dxe5 b6 34. c4 Kf7 35. cxd5 cxd5 36. Nb3 Bg7 37. Nd4 Bxe5 38. Nc6 Bxb2 39. Nxa7 d4 40. Bd2 Bc3 41. Bc1 d3 42. Nc8 d2 43. Bxd2 Bxd2 44. Nxb6 Be4+ 45. Kh2 Bf4+ 0-1

[Event "COL-ch U16"]
[Site "Albania"]
[Date "2012.06.27"]
[Round "1.5"]
[White "Mejia Toscano, Daniel Ricardo"]
[Black "Gaviria Galvis, Andres Felipe"]
[Result "1-0"]
[WhiteElo "1991"]
[BlackElo "2066"]
[PlyCount "49"]
[EventDate "2012.06.27"]
[EventType "tourn"]
[EventRounds "9"]
[EventCountry "COL"]
[SourceTitle "EXT 2024"]
[Source "ChessBase"]
[SourceDate "2023.10.10"]
[SourceVersion "1"]
[SourceVersionDate "2023.10.10"]
[SourceQuality "1"]

1. e4 g6 2. d4 Bg7 3. Be3 d6 4. Nc3 e6 5. Qd2 h6 6. Bc4 Ne7 7. Bb3 Nd7 8. Nge2 a6 9. a4 b6 10. 0-0 Bb7 11. Ng3 Nf6 12. h3 g5 13. f4 gxf4 14. Rxf4 Ng6 15. Rf2 Qe7 16. Raf1 0-0-0 17. Qe2 c5 18. Bc4 a5 19. Ba6 Rdf8 20. Bxb7+ Kxb7 21. dxc5 dxc5 22. Bd2 e5 23. Nb5 Rh7 24. Bc3 Nd7 25. Rd1 1-0

[Event "Cartagena IRT op 4th"]
[Site "Cartagena"]
[Date "2012.06.16"]
[Round "4"]
[White "Mejia Toscano, Daniel Ricardo"]
[Black "Saladen Dulce, Rafael"]
[Result "1/2-1/2"]
[WhiteElo "1991"]
[BlackElo "2201"]
[PlyCount "52"]
[EventDate "2012.06.14"]
[EventType "swiss"]
[EventRounds "9"]
[EventCountry "COL"]
[SourceTitle "CBM 148 Extra"]
[Source "ChessBase"]
[SourceDate "2012.06.22"]
[SourceVersion "1"]
[SourceVersionDate "2012.06.22"]
[SourceQuality "1"]

1. f4 d5 2. Nf3 Nf6 3. g3 Bg4 4. Bg2 Nbd7 5. d3 Bxf3 6. Bxf3 e5 7. e4 dxe4 8. dxe4 Bc5 9. Nc3 c6 10. Qe2 0-0 11. f5 Qb6 12. Rb1 Bb4 13. Bd2 Nc5 14. a3 Bxc3 15. Bxc3 Na4 16. Bxe5 Qa5+ 17. Bc3 Nxc3 18. bxc3 Qxc3+ 19. Kf2 Rad8 20. Rb3 Qa5 21. Rd1 Rxd1 22. Qxd1 Rd8 23. Rd3 Re8 24. Re3 Qa6 25. Qd3 Rd8 26. Qc3 Nd5 1/2-1/2

[Event "COL-ch U16 Norte"]
[Site "Valledupar"]
[Date "2012.03.29"]
[Round "1"]
[White "Cotes, Donato"]
[Black "Mejia Toscano, Daniel Ricardo"]
[Result "1-0"]
[WhiteElo "1605"]
[BlackElo "2008"]
[PlyCount "49"]
[EventDate "2012.03.29"]
[EventType "swiss"]
[EventRounds "7"]
[EventCountry "COL"]
[SourceTitle "EXT 2013"]
[Source "ChessBase"]
[SourceDate "2012.11.22"]
[SourceVersion "1"]
[SourceVersionDate "2012.11.22"]
[SourceQuality "1"]

1. e4 c5 2. Nf3 Nc6 3. d4 cxd4 4. Nxd4 e5 5. Nb5 h6 6. Be3 Nf6 7. N1c3 Bb4 8. Nd6+ Bxd6 9. Qxd6 Qe7 10. Qxe7+ Kxe7 11. 0-0-0 Rd8 12. Nb5 d6 13. f3 a6 14. Nc7 Rb8 15. Nd5+ Ke6 16. Bb6 Rf8 17. Bc7 Ra8 18. Nb6 Ra7 19. Bc4+ Ke7 20. Bxd6+ Ke8 21. Bxf8 Kxf8 22. Nxc8 Ra8 23. Nd6 Na5 24. Bd5 Nxd5 25. Rxd5 1-0

[Event "COL-ch U16 Norte"]
[Site "Valledupar"]
[Date "2012.03.29"]
[Round "2"]
[White "Mejia Toscano, Daniel Ricardo"]
[Black "Pabon Sarmiento, David A"]
[Result "1/2-1/2"]
[WhiteElo "2008"]
[BlackElo "1655"]
[PlyCount "34"]
[EventDate "2012.03.29"]
[EventType "swiss"]
[EventRounds "7"]
[EventCountry "COL"]
[SourceTitle "EXT 2013"]
[Source "ChessBase"]
[SourceDate "2012.11.22"]
[SourceVersion "1"]
[SourceVersionDate "2012.11.22"]
[SourceQuality "1"]

1. e4 e5 2. Nf3 Nc6 3. Bb5 a6 4. Ba4 Nge7 5. c3 g6 6. d4 exd4 7. cxd4 Bg7 8. 0-0 0-0 9. Nc3 d6 10. Bb3 Bg4 11. Be3 Kh8 12. Qd2 Bxf3 13. gxf3 f5 14. Ne2 fxe4 15. fxe4 d5 16. Nf4 dxe4 17. Ne6 Qd7 1/2-1/2